| 000 | 00742nam a22001817a 4500 | ||
|---|---|---|---|
| 999 |
_c80856 _d80856 |
||
| 008 | 201130b ||||| |||| 00| 0 eng d | ||
| 040 |
_bger _cDE-2950 _erda _aDE-2950 |
||
| 041 | _ager | ||
| 100 | _aGutke, Thomas: | ||
| 245 |
_aErfolgreiche Millimeterarbeit. _bEnergieversorgung: Die fünf tonnenschweren Gasmotoren von MAN Energy Solutions sind wohlbehalten im neuen Heizkraftwerk der Stadtwerke angekommen / _cThomas Gutke |
||
| 653 | _aFrankfurt (Oder) | ||
| 653 | _aStadtwerke / Heizkraftwerk | ||
| 773 |
_dFrankfurt (Oder): Märkisches Verlags- und Druckhaus GmbH & Co KG _g32. Jahrgang (2021) Nr. 66 vom 19.03.2021, S. 11 _tMärkische Oderzeitung |
||
| 942 | _cA | ||